=LDR 00000nam 2200000 4500 =001 INLIS000000000028861 =005 20201214100357 =035 ##$$a 0010-061300000028861 =008 201214################g##########0#ind## =041 ##$$a Ind =082 ##$$a 331.12 =090 ##$$a 331.12, Mat s =100 ##$$a Nata, Richard =245 1#$$a Sukses mencari kerja /$c Richard Nata =260 ##$$a Jakarta :$b Pustaka Utama Grafiti,$c 1995 =300 ##$$a vi, 80 hlm, ; $c 19 x 13 cm. =650 #4$$a Tenaga kerja =850 ##$$a NBPNMAT =020 ##$$a 979-444-337-9 =084 ##$$a 331.12 NAT s =990 ##$$a 95.568/Pro-96 =990 ##$$a 88.923/Pro-95 =990 ##$$a 88.924/Pro-95